BIBLIOTHÈQUE DE LA MAISON DU MEXIQUE

Logo 1 Logo 2

La corriente democrática (notice nᵒ 12641)

détails MARC
000 -Sello discográfico
campo de control de longitud fija 01163nam a2200337 4500
005 - Identificación de versión
campo de control 20251017062823.0
010 ## - Número Estándar Internacional de Libros (ISBN)
Número (ISBN) 968-433-255-6
035 ## - Otros números de control del sistema
Número de control del sistema 17541
099 ## - fechas locales
Tipo de ítem Koha LIBRO
100 ## - Datos de procesamiento general
Datos de procesamiento general 19930801d1987 m y1spay5003 ba
105 ## - Campo de datos codificados: Material textual, monográfico
Datos codificados de monografía y 001zy
200 1# - Título y mención de responsabilidad
Título propio La corriente democrática
Designación general del material texto impreso
Otra información del título hablan los protagonistas
Primer mención de responsabilidad Jorge Laso de la Vega
Declaración de responsabilidad subsiguiente con la colaboración de Magdalena Sánchez Reza y María Xelhuantzi López
205 ## - Declaración de edición
Declaración de edición 2a ed
210 ## - Publicación, distribución, etc.
Lugar de publicación, distribución, etc. México
Nombre del editor, distribuidor, etc. Editorial Posada
Fecha de publicación, distribución, etc. 1987
215 ## - Descripción física
Designación de material específico y extensión del ítem 326 p
Dimensiones 19 cm
300 ## - Notas generales
Texto de la nota Incluye una cronología mínima de la corriente y sus primeros documentos de trabajo
345 ## - Nota de información de adquisición
Fuente de adquisición/dirección de la suscripción [OBSOLETO] Donación
601 ## - Nombre de entidad corporativa utilizado como temática
Elemento de entrada Corriente Democrática
Adición al nombre o calificador México
Número Koha 19397
607 ## - Nombre geográfico utilizado como tema
Elemento de entrada México
Subdivisión temática Política y gobierno
Número Koha 390
660 ## - Código de área geográfica
Código MX
700 ## - Nombre personal - Responsabilidad primaria
Elemento de entrada Laso de la Vega
Parte del nombre distinta del elemento de entrada Jorge
Número Koha 19398
702 ## - Nombre personal - Responsabilidad secundaria
Elemento de entrada Sánchez Reza
Parte del nombre distinta del elemento de entrada Magdalena
Número Koha 19399
702 ## - Nombre personal - Responsabilidad secundaria
Elemento de entrada Xelhuantzi López
Parte del nombre distinta del elemento de entrada María Susana
Número Koha 7977
801 #0 - Fuente de origen
Agencia cm
900 ## -
-- 1/9835
900 ## -
-- 710935505\\010893
942 ## - ELEMENTOS DE ENTRADA SECUNDARIOS (KOHA)
Tipo de ítem Koha Livre
996 ## -
-- MEX
-- 751145101
-- MMAG
-- 006539
-- 324.2 L33C
-- 20220614LIV
Exemplaires
Estatus retirado Estado de daño Estado de pérdida Fecha de adquisición Biblioteca de origen Biblioteca actual Ubicación en estantería Código de barras Precio de reemplazo Signatura topográfica completa No para préstamo Tipo de ítem Koha Nota pública Nota no pública
      05/08/2025 Casa México Paris Casa México Paris   006539 05/08/2025 324.2 L33C   Livre 20220614LIV 751145101